Top Ten largest car companies - Statistics

General Stats
  • This quiz has been taken 151 times
  • The average score is 6 of 10
Answer Stats
Hint Answer % Correct
6 Ford
86%
3 Toyota
84%
2 Volkswagen
78%
7 Honda
68%
4 Hyundai
64%
1 Renault-Nissan
55%
8 Fiat
53%
9 Peugeot
42%
10 Suzuki
20%
5 GMC
14%
No matching quizzes found
Score Distribution
Percent of People with Each Score
Percentile by Number Answered
Your Score History
You have not taken this quiz